000 00354nam a22001457a 4500
008 221010b ||||| |||| 00| 0 eng d
020 _a0114500339
041 _aeng
080 _a616.8
082 _a616.8 RID
100 _a11.2
101 _aNEUR
245 _aAIDS TO THE EXAMINATION OF THE PERIPHERAL NERVOUS SYSTEM
_cRIDDOCH B
942 _2udc
_cBK
999 _c58432
_d58432